Municipalities in the City of Manila - Statistics

General Stats
  • This quiz has been taken 7 times
  • The average score is 3 of 10
Answer Stats
Answer % Correct
Tondo
67%
Ermita
33%
Malate
33%
Quiapo
33%
Sampaloc
33%
San Miguel
33%
Binondo
17%
Pandacan
17%
Santa Cruz
17%
Dilao
0%
No matching quizzes found
Score Distribution
Percent of People with Each Score
Percentile by Number Answered
Your Score History
You have not taken this quiz